• 首页
  • 本馆介绍
  • 公告通知
  • 最新文献
  • 馆藏检索
  • 电子资源
  • 读者导购
  • 参考咨询
  • 我的图书馆
  • 登录
  • 详细信息显示
  • 放入我的书架
  • 预约/预借图书
  • 作者相关作品
  • 分类相关作品
  • 丛书相关作品
  • 出版社相关作品

书目信息

  • 表格格式
  • 工作单格式
  • 卡片格式
题名:
线性代数与线性规划
    
 
作者: 周誓达 编著
分册:  
出版信息: 北京   中国人民大学出版社  2019重印
页数: 160页
开本: 26cm
丛书名: 大学本科经济应用数学基础特色教材系列
单 册:
中图分类: O151.2 , O221.1
科图分类:
主题词: 线性代数--xian xing dai shu--高等学校--教材 , 线性规划--xian xing gui hua--高等学校--教材
电子资源:
ISBN: 978-7-300-25107-3
000 01674nam 2200301 45
001 012001001615
005 20191121104518.40
010    @a978-7-300-25107-3@dCNY27.00
099    @aCAL 012018013534
100    @a20180209d2018 em y0chiy50 ea
101 0  @achi
102    @aCN@b110000
105    @aak z 000yy
106    @ar
200 1  @a线性代数与线性规划@Axian xing dai shu yu xian xing gui hua@e经济类与管理类@f周誓达编著
205    @a第4版
210    @a北京@c中国人民大学出版社@d2019重印
215    @a160页@c图@d26cm
225 2  @a大学本科经济应用数学基础特色教材系列@Ada xue ben ke jing ji ying yong shu xue ji chu te se jiao cai xi lie@i经济应用数学基础@v2
330    @a本书共分六章,介绍了经济工作所需要的行列式、矩阵、线性方程组、投入产出问题、向量及线性规划问题的数学模型、图解法、单纯形解法。本书着重讲解基本概念、基本理论及基本方法,发扬独立思考的精神,培养解决实际问题的能力与熟练操作运算能力。例题、习题是教材的窗口,集中展示了教学意图。本书对例题、习题给予高度重视,例题、习题都经过精心设计与编选,它们与概念、理论、方法的讲述完全配套,其中除计算题与经济应用题外,尚有考查基本概念与基本运算技能的填空题与单项选择题。填空题要求将正确答案直接填在空白处;单项选择题是指在四项备选答案中,只有一项是正确的,要求将正确备选答案前面的字母填在括号内。书末附有全部习题答案,便于检查学习效果。
410  0 @12001 @a大学本科经济应用数学基础特色教材系列@i经济应用数学基础@v2
606 0  @a线性代数@Axian xing dai shu@x高等学校@j教材
606 0  @a线性规划@Axian xing gui hua@x高等学校@j教材
690    @aO151.2@v5
690    @aO221.1@v5
701  0 @a周誓达@Azhou shi da@4编著
801  0 @aCN@b北京卓展@c20191020
905    @b1202249-52@dO151.2@e418=4@f4
    
    线性代数与线性规划:经济类与管理类/周誓达编著.-第4版.-北京:中国人民大学出版社,2019重印
    160页:图;26cm.-(大学本科经济应用数学基础特色教材系列.经济应用数学基础;2)
    
    
    ISBN 978-7-300-25107-3:CNY27.00
    本书共分六章,介绍了经济工作所需要的行列式、矩阵、线性方程组、投入产出问题、向量及线性规划问题的数学模型、图解法、单纯形解法。本书着重讲解基本概念、基本理论及基本方法,发扬独立思考的精神,培养解决实际问题的能力与熟练操作运算能力。例题、习题是教材的窗口,集中展示了教学意图。本书对例题、习题给予高度重视,例题、习题都经过精心设计与编选,它们与概念、理论、方法的讲述完全配套,其中除计算题与经济应用题外,尚有考查基本概念与基本运算技能的填空题与单项选择题。填空题要求将正确答案直接填在空白处;单项选择题是指在四项备选答案中,只有一项是正确的,要求将正确备选答案前面的字母填在括号内。书末附有全部习题答案,便于检查学习效果。
●
相关链接 在E读中查询图书 在五车中查询图书 在当当中查询图书 在豆瓣中查询图书


正题名:线性代数与线性规划     索取号:O151.2/418=4         预约/预借

序号 登录号 条形码 馆藏地/架位号 状态 备注
1 1202249   212022498   第二样本阅览室/ [索取号:O151.2/418=4] 在馆    
2 1202250   212022504   第三借阅区/ [索取号:O151.2/418=4] 在馆    
3 1202251   212022513   第三借阅区/ [索取号:O151.2/418=4] 在馆    
4 1202252   212022522   第三借阅区/ [索取号:O151.2/418=4] 在馆    
唐山师范学院图书馆 欢迎您!
大连网信软件有限公司© 版权所有